000 00283nam a2200109Ia 4500
008 230822s1987 xx 000 0 und d
041 _aeng
100 _aNARAYAN.R.K
245 _aA WRITER'S NIGHTMARE (SELECTED ESSAYS 1958-1988)
260 _bPENGUIN BOOKS LTD
_c1987
300 _a240
999 _c858566
_d858566